|
|
|
|
| LEADER |
00000nab a2200000 a 4500 |
| 001 |
vtls009514741 |
| 003 |
SK-MaSNL |
| 005 |
20260304164910.0 |
| 008 |
250507c2007 xo |||||| |||| b|slo |
| 015 |
|
|
|a SNBRA2009/05
|2 snkbucl
|
| 035 |
|
|
|a urn:nbn:sk:snk-ab7r2z
|
| 035 |
|
|
|a (urnnbn)urn:nbn:sk:snk:ar-00283m
|
| 035 |
|
|
|a (uuid)526761f0-52a2-40d8-8f4b-1e07f10ae165
|
| 038 |
|
|
|a SNKBUCL
|
| 040 |
|
|
|a SNKBUCL
|b slo
|c SNKBUCL
|e AACR2
|
| 041 |
0 |
|
|a slo
|
| 044 |
|
|
|a xo
|c SK
|
| 080 |
|
|
|a 35
|x (437.6)
|x "1940/1945"
|x (048)
|2 2001
|
| 100 |
1 |
|
|a Šišjaková, Jana,
|d 1982-
|4 aut
|9 110499
|
| 245 |
1 |
0 |
|a Janas, Karol: Trenčianska župa (1940-1945). K niektorým otázkam vzniku, existencie a fungovania verejnej správy na Trenčiansku. Trenčín : FSEV Trenčianskej univerzity Alexandra Dubčeka, 2007. 141 s. ISBN 9788080752132
|c Jana Šišjaková
|
| 610 |
2 |
7 |
|a Župný úrad (Trenčín, Slovensko)
|2 snkbucl
|9 1494379
|
| 648 |
|
7 |
|a 1940-1945
|2 snkbucl
|9 314308
|
| 648 |
|
7 |
|a 20. stor., 40. r.
|2 snkbucl
|9 771010
|
| 650 |
0 |
7 |
|a verejná správa
|2 snkbucl
|9 1538
|
| 650 |
0 |
7 |
|a monografie
|2 snkbucl
|9 256509
|
| 655 |
|
7 |
|a recenzie
|2 snkbucl
|9 21907
|
| 773 |
0 |
|
|t Acta historica Neosoliensia. Tomus 10
|d Banská Bystrica : Katedra histórie Fakulty humanitných vied Univerzity Mateja Bela, 2007
|g S. 422
|x 1336-9148
|
| 787 |
0 |
8 |
|i Rec.:
|a Janas, Karol, 1970-
|t Trenčianska župa (1940-1945)
|d Trenčín : Trenčianska univerzita A. Dubčeka, 2007
|z 9788080752132
|
| 850 |
|
|
|a Slovenská národná knižnica
|
| 852 |
|
|
|a Slovenská národná knižnica
|
| 954 |
|
|
|a odborná, vedecká literatúra pôvodná (slovenská)
|2 lita
|
| 958 |
|
|
|a article9
|
| 958 |
|
|
|a OND
|
| 958 |
|
|
|a RC
|
| 958 |
|
|
|a EUIPO
|
| 999 |
|
|
|c 2981990
|d 2983920
|